| 000 | 00485nam a22001457a 4500 | ||
|---|---|---|---|
| 082 | _a621.3 | ||
| 100 | _aIbrahim, Muhammad | ||
| 245 |
_aQuantitative Bond Graph approach for Troubleshooting Electrical Systems / _cMuhammad Ibrahim |
||
| 260 |
_aIslamabad : _bCEME - NUST, _c2014. |
||
| 300 |
_a93 p. ; _c30cm. |
||
| 650 |
_aElectrical Engineering-MS-Thesis _916073 |
||
| 700 |
_aDr. Muhammad Salman _929314 |
||
| 942 |
_2ddc _cTHE |
||
| 999 |
_c536501 _d536501 |
||